Top 100 Board Games of All Time - Statistics

General Stats
  • This quiz has been taken 414 times
  • The average score is 15 of 100
Answer Stats
Year Answer % Correct
1933 Monopoly
97%
1475 Chess
86%
1150 Checkers
74%
1949 Clue
72%
1959 Risk
63%
1948 Scrabble
57%
1929 Sorry!
47%
3000 BC Backgammon
45%
1995 Catan
45%
1960 The Game of Life
45%
1981 Trivial Pursuit
45%
1931 Battleship
44%
1949 Candy Land
41%
2200 BC Go
40%
1965 Operation
38%
200 BC Chutes & Ladders
35%
1963 Mouse Trap
34%
2004 Ticket to Ride
33%
1893 Chinese Checkers
30%
1965 Trouble
29%
2008 Pandemic
23%
1946 Stratego
23%
1972 Boggle
22%
700 Mancala
19%
400 Parcheesi
17%
1988 Scattergories
17%
1999 Apples to Apples
15%
1988 Cranium
14%
1970 Mastermind
14%
1981 Axis & Allies
13%
2015 Codenames
13%
2004 Dominion
13%
2017 Azul
12%
2017 Gloomhaven
12%
1975 Pay Day
12%
2007 Agricola
10%
1984 Balderdash
8%
2002 Puerto Rico
8%
2016 Scythe
8%
2008 Splendor
8%
1997 Twilight Imperium
8%
1982 Sequence
7%
2008 Dixit
6%
2015 Exploding Kittens
6%
2011 The Castles of Burgundy
6%
2005 Twilight Struggle
6%
2003 A Game of Thrones
5%
2000 Blokus
5%
2010 Forbidden Island
5%
1883 Reversi
5%
1983 Scotland Yard
5%
2005 Arkham Horror
4%
2013 Caverna
4%
1959 Diplomacy
4%
1979 Dune
4%
2010 Hanabi
4%
2011 King of Tokyo
4%
2008 Le Havre
4%
2004 Memoir '44
4%
2015 Pandemic Legacy
4%
2004 Power Grid
4%
2007 Race for the Galaxy
4%
2009 Small World
4%
2004 Stone Age
4%
2005 Ticket to Ride: Europe
4%
2013 Viticulture
4%
2008 Battlestar Galactica
3%
2000 Citadels
3%
1980 Civilization
3%
1977 Cosmic Encounter
3%
1968 Don't Break the Ice
3%
1995 El Grande
3%
2006 Qwirkle
3%
2016 Secret Hitler
3%
2011 Takenoko
3%
2004 War of the Ring
3%
1964 Acquire
2%
2004 Betrayal at House on the Hill
2%
2014 Dead of Winter
2%
2013 Forbidden Desert
2%
2007 Galaxy Trucker
2%
1999 Lost Cities
2%
1956 Rack-O
2%
2009 Telestrations
2%
2012 Tokaido
2%
2005 Wits & Wagers
2%
2009 Dominion: Intrigue
1%
1989 HeroQuest
1%
2016 Santorini
1%
2005 Shadows over Camelot
1%
2006 Shogun
1%
2012 Smash Up
1%
1983 Talisman
1%
1997 Tigris & Euphrates
1%
2004 Tsuro
1%
2014 Ultimate Werewolf
1%
2002 Carcassonne: Hunters & Gatherers
0%
2014 Castles of Mad King Ludwig
0%
2005 Desent: Journeys in the Dark
0%
2012 Mice & Mystics
0%
No matching quizzes found
Score Distribution
Percent of People with Each Score
Percentile by Number Answered
Your Score History
You have not taken this quiz